[Event "TCh-FRA Top 12 2012"]
[Site "Belfort FRA"]
[Date "2012.06.01"]
[Round "2.6"]
[White "Migot, Tangi"]
[Black "Netzer, Jean"]
[Result "1-0"]
[BlackTitle "IM"]
[WhiteElo "2257"]
[BlackElo "2396"]
[WhiteTeam "Echiquier Guingampais"]
[BlackTeam "BISCHWILLER"]
[WhiteFideId "662445"]
[BlackFideId "623350"]
[EventDate "2012.05.31"]

1. c4 e6 2. g3 d5 3. Bg2 c6 4. Nf3 Bd6 5. O-O Nd7 6. d4 f5 7. Qc2 Ngf6 8. cxd5
cxd5 9. Nc3 a6 10. Bf4 Bxf4 11. gxf4 Ne4 12. e3 O-O 13. a4 Qb6 14. Rfc1 Qd6 15.
a5 b5 16. axb6 Bb7 17. Ne5 Nxe5 18. Nxe4 dxe4 19. fxe5 Qxb6 20. Qc5 Qxc5 21.
dxc5 Bd5 22. b4 Rfb8 23. Rcb1 Bc4 24. f3 Bd3 25. Rb2 a5 26. fxe4 fxe4 27. b5
Rxb5 28. Rxb5 Bxb5 29. Bxe4 Rc8 30. Rxa5 Rxc5 31. Kf2 Rxe5 32. Bd3 Bxd3 33. Rxe5
Kf7 34. Kg3 Kf6 35. Kf4 h6 36. h4 Bf5 37. h5 Bd3 38. Rc5 Be2 39. Ra5 g5+ 40.
hxg6 Kxg6 41. Ra2 Bc4 42. Rc2 Bb3 43. Rb2 Bd1 44. Rd2 Bb3 45. Ke5 Kf7 46. Rg2
Bc4 47. e4 Bb3 48. Kf4 Kf6 49. e5+ Kf7 50. Ke3 Bd1 51. Kf2 Bc2 52. Kg3 Bf5 53.
Kh4 Bg6 54. Rf2+ Kg7 55. Rf6 Bf7 56. Kg3 Bg8 57. Kg4 Bf7 58. Kh4 1-0

[Event "TCh-FRA Top 12 2012"]
[Site "Belfort FRA"]
[Date "2012.06.01"]
[Round "2.8"]
[White "Le Diouron, Aurelie"]
[Black "Maisuradze, Nino"]
[Result "0-1"]
[BlackTitle "WGM"]
[WhiteElo "1954"]
[BlackElo "2302"]
[WhiteTeam "Echiquier Guingampais"]
[BlackTeam "BISCHWILLER"]
[WhiteFideId "637432"]
[BlackFideId "13601717"]
[EventDate "2012.05.31"]

1. d4 d5 2. Nf3 Bf5 3. e3 e6 4. Be2 Bd6 5. O-O Nd7 6. b3 Qe7 7. Bb2 c6 8. c4
Ngf6 9. Ne5 O-O 10. Nd2 Rfd8 11. f4 Ne4 12. Nxe4 Bxe4 13. Nxd7 Rxd7 14. Bd3 Bg6
15. Qe2 dxc4 16. Bxc4 b5 17. Bd3 Bxd3 18. Qxd3 e5 19. Qc3 exf4 20. exf4 Rc8 21.
Rae1 Qf8 22. Qd3 a6 23. Re3 Rcd8 24. Rh3 f5 25. Qf3 Rc8 26. Re1 Qf7 27. Rg3 Re7
28. Rd1 Qd5 29. Qf2 Rce8 30. Qf3 Qxf3 31. Rxf3 Re2 32. Rf2 Re1+ 33. Rf1 Rxd1 34.
Rxd1 Bxf4 35. Bc1 Bd6 36. Rf1 g6 37. Bf4 Bb4 38. Kf2 Re4 39. Be5 Kf7 40. Kf3 Ke6
41. Bh8 Kd5 0-1

[Event "TCh-FRA Top 12 2012"]
[Site "Belfort FRA"]
[Date "2012.06.01"]
[Round "2.6"]
[White "Maze, Sebastien"]
[Black "Hamdouchi, Hicham"]
[Result "1/2-1/2"]
[WhiteTitle "GM"]
[BlackTitle "GM"]
[WhiteElo "2594"]
[BlackElo "2627"]
[WhiteTeam "MARSEILLE Echecs"]
[BlackTeam "CLICHY Echecs 92"]
[WhiteFideId "613762"]
[BlackFideId "9000011"]
[EventDate "2012.05.31"]

1. c4 e5 2. Nc3 Nf6 3. g3 c6 4. Nf3 e4 5. Nd4 Qb6 6. Nb3 a5 7. d3 a4 8. Nd2 exd3
9. Bg2 Bb4 10. exd3 O-O 11. O-O Qa5 12. Ndb1 d5 13. cxd5 cxd5 14. a3 Bxc3 15.
Nxc3 d4 16. Na2 Nc6 17. Bd2 Qb5 18. Nb4 Bg4 19. Qb1 Nxb4 20. Bxb4 Rfe8 21. b3
Be2 22. bxa4 Qf5 23. Rc1 Bxd3 24. Qb2 Be4 25. Qxd4 1/2-1/2

[Event "TCh-FRA Top 12 2012"]
[Site "Belfort FRA"]
[Date "2012.06.01"]
[Round "2.7"]
[White "Pelletier, Yannick"]
[Black "Istratescu, Andrei"]
[Result "1/2-1/2"]
[WhiteTitle "GM"]
[BlackTitle "GM"]
[WhiteElo "2587"]
[BlackElo "2636"]
[WhiteTeam "CLICHY Echecs 92"]
[BlackTeam "MARSEILLE Echecs"]
[WhiteFideId "1301837"]
[BlackFideId "1200372"]
[EventDate "2012.05.31"]

1. Nf3 d5 2. d4 Nf6 3. c4 dxc4 4. e3 e6 5. Bxc4 c5 6. O-O cxd4 7. exd4 Nc6 8.
Nc3 Be7 9. a3 O-O 10. Bg5 a6 11. Ba2 h6 12. Bf4 Bd6 13. Ne5 Ne7 14. Qf3 Ned5 15.
Nxd5 exd5 16. Rad1 Be6 17. Bb1 Re8 18. Rfe1 Rc8 19. h3 Bf8 20. Qd3 Qb6 21. Re2
Qb5 22. Qxb5 axb5 23. Re3 g5 24. Bh2 Ne4 25. Nd3 Nd6 26. Bxd6 Bxd6 27. Ba2 Kf8
28. Bb3 f6 29. Rde1 Bf7 30. Rxe8+ Rxe8 31. Rxe8+ Kxe8 32. Kf1 Kd7 33. Nb4 f5 34.
Ke2 Bxb4 35. axb4 f4 36. Bc2 Bh5+ 37. Kd2 Ke6 38. Bd3 Be8 39. Ke2 Bh5+ 40. Kd2
Be8 41. Ke2 Kf6 42. g3 fxg3 43. fxg3 Bd7 44. g4 1/2-1/2

[Event "TCh-FRA Top 12 2012"]
[Site "Belfort FRA"]
[Date "2012.06.01"]
[Round "2.8"]
[White "Delorme, Laurie"]
[Black "Skripchenko, Almira"]
[Result "0-1"]
[WhiteTitle "WIM"]
[BlackTitle "IM"]
[WhiteElo "2236"]
[BlackElo "2440"]
[WhiteTeam "MARSEILLE Echecs"]
[BlackTeam "CLICHY Echecs 92"]
[WhiteFideId "630829"]
[BlackFideId "13900145"]
[EventDate "2012.05.31"]

1. d4 e6 2. c4 Bb4+ 3. Bd2 a5 4. Nf3 Nf6 5. g3 d6 6. Bg2 Nbd7 7. O-O e5 8. Bxb4
axb4 9. Qb3 c5 10. dxe5 dxe5 11. Nbd2 O-O 12. Rfd1 Qe7 13. Ng5 Ne8 14. Qe3 Nd6
15. Nge4 Nf5 16. Qd3 Nb6 17. b3 Rd8 18. Qb1 Be6 19. Qb2 Nd4 20. e3 Nc6 21. Nf3
f5 22. Neg5 Rxd1+ 23. Rxd1 e4 24. Nxe6 exf3 25. Bxf3 Qxe6 26. Bd5 Nxd5 27. cxd5
Qd6 0-1

[Event "TCh-FRA Top 12 2012"]
[Site "Belfort FRA"]
[Date "2012.06.02"]
[Round "3.2"]
[White "Tregubov, Pavel V."]
[Black "Brochet, Philippe"]
[Result "1-0"]
[WhiteTitle "GM"]
[BlackTitle "IM"]
[WhiteElo "2596"]
[BlackElo "2383"]
[WhiteTeam "CLICHY Echecs 92"]
[BlackTeam "Echiquier Guingampais"]
[WhiteFideId "4115341"]
[BlackFideId "602469"]
[EventDate "2012.05.31"]

1. d4 d5 2. Nf3 Nf6 3. c4 dxc4 4. e3 e6 5. Bxc4 c5 6. O-O a6 7. Bb3 Nc6 8. Nc3
Be7 9. dxc5 Qxd1 10. Rxd1 Bxc5 11. Bd2 Na5 12. Ba4+ Ke7 13. Ne5 b5 14. Ne2 Nd7
15. Nxd7 Bxd7 16. Bxa5 bxa4 17. Rac1 Bd6 18. Bc7 Bxc7 19. Rxc7 Rhd8 20. Nc3 a3
21. bxa3 Rab8 22. h3 Rb6 23. Ne4 f5 24. Nc5 Rd6 25. Rb1 Rc8 26. Rbb7 Rxc7 27.
Rxc7 h5 28. h4 g6 29. Ra7 Rd5 30. Nxd7 Rxd7 31. Rxa6 Rd1+ 32. Kh2 Rd2 33. Kg3
Rxa2 34. a4 Kf7 35. a5 e5 36. Ra8 Kg7 37. a6 Kh7 38. f3 f4+ 39. exf4 exf4+ 40.
Kxf4 Rxg2 41. Rb8 Ra2 42. Rb7+ Kh6 43. a7 Ra4+ 44. Kg3 Ra3 45. Rc7 g5 46. Rc6+
Kg7 47. hxg5 Rxa7 48. f4 Ra1 49. Rh6 Rg1+ 50. Kf2 Rh1 51. Kf3 Rh3+ 52. Ke4 1-0

[Event "TCh-FRA Top 12 2012"]
[Site "Belfort FRA"]
[Date "2012.06.02"]
[Round "3.6"]
[White "Pelletier, Yannick"]
[Black "Migot, Tangi"]
[Result "1-0"]
[WhiteTitle "GM"]
[WhiteElo "2587"]
[BlackElo "2257"]
[WhiteTeam "CLICHY Echecs 92"]
[BlackTeam "Echiquier Guingampais"]
[WhiteFideId "1301837"]
[BlackFideId "662445"]
[EventDate "2012.05.31"]

1. c4 Nf6 2. g3 g6 3. Bg2 Bg7 4. Nc3 O-O 5. e4 d6 6. Nge2 c5 7. d4 cxd4 8. Nxd4
Nc6 9. Nde2 Be6 10. b3 a6 11. a4 Nd7 12. O-O Nc5 13. Be3 Qa5 14. Bd2 Rfc8 15.
Rb1 Qd8 16. Nd5 Bxd5 17. exd5 Ne5 18. Be3 a5 19. Nd4 Ned3 20. h4 Qf8 21. Qe2 Bf6
22. Rfd1 Nb4 23. h5 Qg7 24. Bf3 Nd7 25. Kg2 Ne5 26. Be4 Na6 27. Rd2 Nc5 28. Bc2
Re8 29. Rh1 e6 30. Nb5 Rad8 31. Nxd6 Rxd6 32. Bxc5 Rdd8 33. h6 Qh8 34. Rhd1 1-0

[Event "TCh-FRA Top 12 2012"]
[Site "Belfort FRA"]
[Date "2012.06.02"]
[Round "3.7"]
[White "De Sousa, Jose-Claude"]
[Black "Delorme, Axel"]
[Result "0-1"]
[WhiteTitle "FM"]
[BlackTitle "IM"]
[WhiteElo "2262"]
[BlackElo "2450"]
[WhiteTeam "Echiquier Guingampais"]
[BlackTeam "CLICHY Echecs 92"]
[WhiteFideId "603880"]
[BlackFideId "632023"]
[EventDate "2012.05.31"]

1. e4 e5 2. Nf3 Nc6 3. Bb5 a6 4. Ba4 Nf6 5. O-O Be7 6. Re1 d6 7. c3 Bg4 8. d3
Nd7 9. Nbd2 Nc5 10. Bc2 Ne6 11. h3 Bh5 12. Nf1 Ng5 13. Bxg5 Bxg5 14. Ng3 Bxf3
15. Qxf3 g6 16. Rad1 O-O 17. d4 Qe7 18. Bb3 Kh8 19. Bd5 Bh4 20. a3 Rab8 21. Re2
Nd8 22. Ba2 Nc6 23. Bd5 Bg5 24. Ree1 Nd8 25. Ba2 Bf6 26. Nf1 exd4 27. cxd4 Ne6
28. e5 Bg7 29. Bxe6 fxe6 30. exd6 Qxd6 31. Qe3 Rbd8 32. Qxe6 Bxd4 33. Rd2 Qc5
34. Kh1 Rf6 35. Qe4 Rxf2 36. Red1 Rxd2 37. Rxd2 Qd5 38. Qf4 Qd6 39. Qe4 c5 40.
Qxb7 Rf8 41. Rd1 Rb8 42. Qf7 Qf8 43. Qxf8+ Rxf8 44. b3 Bb2 45. a4 Re8 46. Rb1
Bc3 47. Rc1 Bb4 48. Rd1 Re2 49. Rd3 Kg7 50. Rf3 c4 51. bxc4 Bc5 52. Ng3 Re1+ 53.
Rf1 Rxf1+ 54. Nxf1 Kf6 55. Nd2 Ke5 56. Nb3 Bb6 57. g4 Ke4 58. Kg2 Kd3 59. c5 Bc7
60. Kf3 Kc4 61. Nd2+ Kxc5 62. Ne4+ Kb4 63. Nf6 Kxa4 64. Nxh7 Kb3 65. Nf8 a5 66.
Ne6 Bb6 67. Nf4 a4 68. Nd3 a3 69. Ke2 Kc3 70. Nc1 Kc2 71. Na2 Bc5 0-1

[Event "TCh-FRA Top 12 2012"]
[Site "Belfort FRA"]
[Date "2012.06.02"]
[Round "3.8"]
[White "Skripchenko, Almira"]
[Black "Le Diouron, Aurelie"]
[Result "1-0"]
[WhiteTitle "IM"]
[WhiteElo "2440"]
[BlackElo "1954"]
[WhiteTeam "CLICHY Echecs 92"]
[BlackTeam "Echiquier Guingampais"]
[WhiteFideId "13900145"]
[BlackFideId "637432"]
[EventDate "2012.05.31"]

1. e4 c5 2. Nf3 g6 3. h4 Bg7 4. h5 Nc6 5. Nc3 a6 6. d3 d6 7. h6 Bf6 8. Nd5 Bg4
9. c3 Bxf3 10. Nxf6+ Nxf6 11. gxf3 Qb6 12. Bh3 Nd7 13. f4 e6 14. Qe2 O-O-O 15.
Be3 d5 16. f3 Qa5 17. Bd2 Rhe8 18. a3 f5 19. e5 Qc7 20. b4 b6 21. Rb1 Na7 22.
Kf2 Nb8 23. bxc5 bxc5 24. Rb2 Rd7 25. Rhb1 Nac6 26. Be3 Qa5 27. Qc2 Ree7 28. Bf1
Rb7 29. Be2 Rxb2 30. Qxb2 Ra7 31. Bd1 Nd7 32. Kg2 Qc7 33. Ba4 Rb7 34. Qc2 Rxb1
35. Qxb1 Qb7 36. Qc2 Kc7 37. Qf2 Qb6 38. Qh4 Qb1 39. Bxc6 Kxc6 40. Qe7 Qb7 41.
Qxe6+ Kb5 42. c4+ dxc4 43. Qxc4+ Kc6 44. e6 1-0

[Event "TCh-FRA Top 12 2012"]
[Site "Belfort FRA"]
[Date "2012.06.02"]
[Round "3.4"]
[White "Schlosser, Philipp"]
[Black "Llanes Hurtado, Miguel"]
[Result "1/2-1/2"]
[WhiteTitle "GM"]
[BlackTitle "GM"]
[WhiteElo "2596"]
[BlackElo "2480"]
[WhiteTeam "BISCHWILLER"]
[BlackTeam "GRASSE Echecs"]
[WhiteFideId "4600169"]
[BlackFideId "2206706"]
[EventDate "2012.05.31"]

1. Nf3 f5 2. g3 Nf6 3. Bg2 g6 4. O-O Bg7 5. d4 O-O 6. c4 d6 7. Nc3 c6 8. Rb1 Ne4
9. Qc2 Nxc3 10. bxc3 e5 11. Ba3 e4 12. Nd2 Rf7 13. e3 Be6 14. f3 exf3 15. Bxf3
d5 16. cxd5 cxd5 17. c4 Nc6 18. Rb5 Rc7 19. Rfb1 Rac8 20. Bxd5 Nxd4 21. Bxe6+
Nxe6 22. Rxb7 Ng5 23. Rxc7 1/2-1/2

[Event "TCh-FRA Top 12 2012"]
[Site "Belfort FRA"]
[Date "2012.06.02"]
[Round "3.7"]
[White "Colovic, Aleksandar"]
[Black "Netzer, Jean"]
[Result "1/2-1/2"]
[WhiteTitle "IM"]
[BlackTitle "IM"]
[WhiteElo "2433"]
[BlackElo "2396"]
[WhiteTeam "GRASSE Echecs"]
[BlackTeam "BISCHWILLER"]
[WhiteFideId "15000729"]
[BlackFideId "623350"]
[EventDate "2012.05.31"]

1. e4 e5 2. Nf3 Nc6 3. Bb5 a6 4. Ba4 Nge7 5. c3 g6 6. d4 exd4 7. cxd4 Bg7 8. d5
b5 9. Bc2 Nb4 10. Bb3 a5 11. a3 Na6 12. Nc3 Nc5 13. Bc2 Ba6 14. O-O O-O 15. Re1
d6 16. Nd4 b4 17. Ncb5 Qd7 18. a4 c6 19. dxc6 Nxc6 20. Bf4 Rad8 21. Rb1 Nxd4 22.
Nxd4 Bxd4 23. Qxd4 b3 24. Bd1 Ne6 25. Qe3 Nxf4 26. Qxf4 Qxa4 27. Qg3 Bc4 28. h4
Qb5 29. h5 Qe5 30. Qe3 a4 31. Bg4 Rfe8 32. Rbc1 Be6 33. Bxe6 Rxe6 34. Qb6 Rde8
35. hxg6 Rxg6 36. Qc6 d5 37. Qxa4 dxe4 38. Qxb3 Rb8 39. Qc3 Qxc3 40. Rxc3 Rxb2 1/2-1/2

[Event "TCh-FRA Top 12 2012"]
[Site "Belfort FRA"]
[Date "2012.06.02"]
[Round "3.8"]
[White "Maisuradze, Nino"]
[Black "Forestier, Carole"]
[Result "0-1"]
[WhiteTitle "WGM"]
[WhiteElo "2302"]
[BlackElo "2096"]
[WhiteTeam "BISCHWILLER"]
[BlackTeam "GRASSE Echecs"]
[WhiteFideId "13601717"]
[BlackFideId "641405"]
[EventDate "2012.05.31"]

1. d4 d5 2. c4 e6 3. Nc3 Nf6 4. cxd5 exd5 5. Bg5 Be7 6. e3 O-O 7. Bd3 Nbd7 8.
Nge2 Re8 9. Qc2 Nf8 10. h3 Be6 11. O-O Rc8 12. Rad1 a6 13. a3 c5 14. dxc5 Rxc5
15. Nd4 Qc8 16. Nf5 Bxf5 17. Bxf5 Qc6 18. Qb1 g6 19. Bc2 Ne6 20. Bh4 d4 21. Bxf6
Bxf6 22. Ne4 Rxc2 23. Nxf6+ Kf8 24. Rc1 Rc8 25. Nd7+ Kg7 26. Nb6 Rxc1 0-1

[Event "TCh-FRA Top 12 2012"]
[Site "Belfort FRA"]
[Date "2012.06.02"]
[Round "3.3"]
[White "Svetushkin, Dmitry"]
[Black "Cornette, Matthieu"]
[Result "0-1"]
[WhiteTitle "GM"]
[BlackTitle "GM"]
[WhiteElo "2597"]
[BlackElo "2552"]
[WhiteTeam "METZ Fischer"]
[BlackTeam "L'Echiquier Deauvillais"]
[WhiteFideId "13900463"]
[BlackFideId "620084"]
[EventDate "2012.05.31"]

1. e4 d5 2. exd5 Qxd5 3. Nc3 Qa5 4. d4 Nf6 5. Bc4 Bg4 6. f3 Bf5 7. Ne2 Nbd7 8.
O-O e6 9. Ng3 Bg6 10. Qe2 O-O-O 11. Bd2 Qb6 12. Be3 e5 13. dxe5 Bc5 14. Bf2
Bxf2+ 15. Rxf2 Rhe8 16. f4 Qxb2 17. Qe1 Ng4 18. Rf3 Ndxe5 19. fxe5 Nxe5 20. Re3
Nf3+ 21. Rxf3 Rxe1+ 22. Rxe1 Qxc2 23. Bb3 Qd2 24. Rfe3 c6 25. h3 Kc7 26. Kh1 Rd3
27. Re7+ Rd7 28. R7e3 Rd3 29. Re7+ Rd7 30. R7e3 h5 31. Nf1 Qd4 32. Nh2 Bd3 33.
Ne4 f6 34. Nf3 Qb4 35. Be6 Rd8 36. Ng3 g6 37. Ne4 Qf8 38. Bb3 b5 39. Nf2 Bf5 40.
Nh4 Qc5 41. Ne4 Bxe4 42. Rxe4 g5 43. Ng6 Rd2 44. Rf1 Rf2 45. Rfe1 Qf5 46. Ne7
Rf1+ 47. Rxf1 Qxf1+ 48. Kh2 a5 49. Bf7 Qd3 50. Re6 g4 51. hxg4 hxg4 52. Rxf6 Qd4
53. Ng8 Qe5+ 54. g3 a4 55. Rf2 b4 56. Nf6 Qd4 57. Kg2 c5 58. Nd5+ Kb7 59. Rf4
Qb2+ 60. Rf2 Qe5 61. Nf6 Qd4 62. Rf4 Qd2+ 63. Rf2 Qd3 64. Nxg4 c4 65. Rf4 Qc2+
66. Kh3 b3 67. axb3 cxb3 68. Rb4+ Kc6 69. Ne5+ Kd6 70. Bg6 Qc8+ 71. Ng4 Qh8+ 72.
Kg2 Qb2+ 73. Kh3 a3 74. Bf7 Qh8+ 75. Kg2 Qa8+ 76. Kh2 a2 77. Rxb3 a1=Q 78. Nf2
Qf1 0-1

[Event "TCh-FRA Top 12 2012"]
[Site "Belfort FRA"]
[Date "2012.06.02"]
[Round "3.4"]
[White "Bellaiche, Anthony"]
[Black "Koch, Jean-Rene"]
[Result "0-1"]
[WhiteTitle "IM"]
[BlackTitle "IM"]
[WhiteElo "2496"]
[BlackElo "2484"]
[WhiteTeam "L'Echiquier Deauvillais"]
[BlackTeam "METZ Fischer"]
[WhiteFideId "615668"]
[BlackFideId "600148"]
[EventDate "2012.05.31"]

1. d4 d5 2. c4 e6 3. Nc3 c5 4. cxd5 exd5 5. Nf3 Nc6 6. g3 Nf6 7. Bg2 Be7 8. O-O
O-O 9. Bg5 c4 10. Ne5 Be6 11. b3 h6 12. Bxf6 Bxf6 13. Nxc6 bxc6 14. bxc4 dxc4
15. e3 Qa5 16. Rc1 Rac8 17. Qa4 Qxa4 18. Nxa4 Be7 19. Rfd1 Rfd8 20. h3 Rc7 21.
Rc2 Ba3 22. Kh2 Kf8 23. Nc3 Bb4 24. Na4 Ba3 25. Bf3 f5 26. Nc3 Bb4 27. Ne2 g5
28. g4 f4 29. Kg2 fxe3 30. fxe3 Bd6 31. Nc3 Rb8 32. Be4 Kg7 33. Bf5 Bf7 34. e4
Bb4 35. Ne2 Ba3 36. Nc3 Rb2 37. Rdd2 Rcb7 38. Nd1 Rb1 39. Ne3 Bc1 40. Re2 Bxe3
41. Rxe3 Rd1 42. Ra3 Rxd4 43. Ra6 Rc7 44. Ra5 c5 45. Ra6 c3 46. Rxc3 Rd2+ 47.
Kf3 Rh2 48. Rc1 Rxa2 49. Rxa2 Bxa2 50. e5 c4 51. Ke3 c3 52. Kd4 Bb3 53. Rxc3
Rxc3 54. Kxc3 Bd1 55. Kd4 Kf7 56. Be4 Ke7 57. Bd5 a5 58. Kc5 Be2 59. Kb6 a4 60.
Ka5 Bd1 61. Kb4 Bb3 0-1

[Event "TCh-FRA Top 12 2012"]
[Site "Belfort FRA"]
[Date "2012.06.02"]
[Round "3.5"]
[White "Lazarev, Vladimir"]
[Black "Tirard, Hugo"]
[Result "1-0"]
[WhiteTitle "GM"]
[BlackTitle "IM"]
[WhiteElo "2438"]
[BlackElo "2478"]
[WhiteTeam "METZ Fischer"]
[BlackTeam "L'Echiquier Deauvillais"]
[WhiteFideId "4113250"]
[BlackFideId "607100"]
[EventDate "2012.05.31"]

1. d4 Nf6 2. c4 g6 3. Nc3 Bg7 4. e4 d6 5. h3 O-O 6. Bg5 Na6 7. Bd3 Qe8 8. Nge2
e5 9. d5 Nd7 10. a3 f5 11. f3 Nac5 12. Bc2 fxe4 13. Nxe4 Nxe4 14. Bxe4 Nc5 15.
Nc3 a5 16. b4 axb4 17. axb4 Rxa1 18. Qxa1 Nb3 19. Qa7 Bf6 20. Bxf6 Rxf6 21. Nb5
Rf7 22. Qe3 Nd4 23. Nxd4 exd4 24. Qxd4 Qa4 25. Qc3 b5 26. cxb5 Qxb5 27. Kf2 Bf5
28. Ra1 Qb7 29. Kg3 Bxe4 30. fxe4 h5 31. Qd4 Qb8 32. e5 dxe5 33. Qxe5 Rf5 34.
Qe6+ Kg7 35. Qe7+ Rf7 36. Qe5+ Kh7 37. Rc1 Qd8 38. Rc6 Kh6 39. Kh2 Rd7 40. Qf4+
Qg5 41. Qf8+ Kh7 42. Re6 Rg7 43. Re8 Kh6 44. Qh8+ Rh7 45. Qd4 h4 46. Re4 Qg3+
47. Kh1 Kh5 48. Qf6 g5 49. Qf5 1-0

[Event "TCh-FRA Top 12 2012"]
[Site "Belfort FRA"]
[Date "2012.06.02"]
[Round "3.7"]
[White "Neiman, Emmanuel"]
[Black "Houska, Jovanka"]
[Result "1-0"]
[WhiteTitle "FM"]
[BlackTitle "IM"]
[WhiteElo "2335"]
[BlackElo "2411"]
[WhiteTeam "METZ Fischer"]
[BlackTeam "L'Echiquier Deauvillais"]
[WhiteFideId "601616"]
[BlackFideId "405094"]
[EventDate "2012.05.31"]

1. c4 e6 2. g3 d5 3. Nf3 Nf6 4. Bg2 Be7 5. O-O O-O 6. b3 c5 7. Bb2 Nc6 8. e3 b6
9. Nc3 Bb7 10. cxd5 Nxd5 11. Nxd5 exd5 12. d4 Qd7 13. Qd2 Rfd8 14. Rfd1 a5 15.
dxc5 bxc5 16. Ne1 Nb4 17. a3 Na6 18. Nd3 Nc7 19. Nf4 Bc6 20. Rab1 a4 21. b4 cxb4
22. axb4 a3 23. Ba1 Bf8 24. h4 Rab8 25. h5 h6 26. Rdc1 Ne6 27. Nxe6 fxe6 28. Qc3
Bb5 29. Qxa3 Be2 30. Be5 Rb7 31. Qa5 Bxh5 32. Rc7 Rxc7 33. Qxc7 Qxc7 34. Bxc7
Rc8 35. Be5 Bg6 36. Rb2 Be7 37. b5 Bf6 38. Bxf6 gxf6 39. b6 Bd3 40. Bf1 Bc4 41.
b7 Rb8 42. Rb6 Kf7 43. Bxc4 dxc4 44. Kf1 Kg6 45. Ke2 Kf5 46. Kd2 Ke5 47. Kc3 Kd5
48. Kb4 h5 49. f3 e5 50. Rb5+ Kd6 51. Kxc4 f5 52. f4 exf4 53. exf4 Kc7 54. Kd5
Rd8+ 55. Ke5 Kb8 56. Kxf5 Rd3 1-0

[Event "TCh-FRA Top 12 2012"]
[Site "Belfort FRA"]
[Date "2012.06.02"]
[Round "3.8"]
[White "Fruteau, Sabine"]
[Black "Leconte, Maria"]
[Result "1/2-1/2"]
[WhiteTitle "WFM"]
[BlackTitle "WGM"]
[WhiteElo "2127"]
[BlackElo "2260"]
[WhiteTeam "L'Echiquier Deauvillais"]
[BlackTeam "METZ Fischer"]
[WhiteFideId "601942"]
[BlackFideId "618446"]
[EventDate "2012.05.31"]

1. e4 c5 2. Nf3 Nc6 3. Bb5 Qc7 4. O-O Nf6 5. Re1 e5 6. Bxc6 dxc6 7. d3 h6 8.
Nbd2 Be6 9. Nc4 Nd7 10. a4 a5 11. Bd2 Be7 12. Bc3 Bf6 13. Ne3 b6 14. b3 O-O-O
15. Qe2 g6 16. Red1 g5 17. Nd2 h5 18. Ndc4 Kb7 19. Be1 Ra8 20. c3 Be7 1/2-1/2

[Event "TCh-FRA Top 12 2012"]
[Site "Belfort FRA"]
[Date "2012.06.02"]
[Round "3.2"]
[White "Feller, Sebastien"]
[Black "Salgado Lopez, Ivan"]
[Result "1/2-1/2"]
[WhiteTitle "GM"]
[BlackTitle "GM"]
[WhiteElo "2640"]
[BlackElo "2623"]
[WhiteTeam "EVRY Grand Roque"]
[BlackTeam "Echiquier Chalonnais"]
[WhiteFideId "634654"]
[BlackFideId "2257327"]
[EventDate "2012.05.31"]

1. d4 Nf6 2. c4 g6 3. f3 d5 4. cxd5 Nxd5 5. e4 Nb6 6. Nc3 Bg7 7. Be3 O-O 8. Qd2
e5 9. d5 c6 10. h4 cxd5 11. exd5 N8d7 12. h5 Nf6 13. hxg6 fxg6 14. O-O-O Bd7 15.
Kb1 Rc8 16. Ka1 e4 17. d6 Na4 18. Nge2 Qa5 19. Bd4 Nc5 20. Nc1 Ne6 21. Nb3 Qb4
22. Bxf6 Bxf6 23. Nxe4 Qxd2 24. Nxf6+ Rxf6 25. Nxd2 Ng5 26. Bc4+ Kg7 27. Bd5
Rxd6 28. Nc4 Rf6 29. Bxb7 Rc7 30. Bd5 h5 31. b3 Bc8 32. Kb2 Re7 33. Rhe1 Kf8 34.
Rxe7 Kxe7 35. Re1+ Kd8 36. Re5 Ne6 37. Bxe6 Bxe6 38. Ra5 Bxc4 39. bxc4 Re6 40.
Kc3 Re2 41. Rg5 Rxa2 42. Rxg6 h4 43. Kd4 a5 44. f4 a4 45. Rg4 a3 46. Rxh4 Rxg2
47. Rh8+ Kc7 48. Ra8 a2 49. f5 Rf2 50. Ke5 Kc6 51. f6 Kc5 52. Ra4 Re2+ 53. Kf5
Rf2+ 54. Ke6 Re2+ 55. Kd7 Rf2 56. Ke7 Re2+ 57. Kf8 Rf2 58. f7 Re2 59. Kg8 Rg2+
60. Kh7 Rf2 61. Kg6 Rg2+ 62. Kf6 Rf2+ 63. Ke6 Re2+ 64. Kd7 Rf2 65. Ke8 Re2+ 1/2-1/2

[Event "TCh-FRA Top 12 2012"]
[Site "Belfort FRA"]
[Date "2012.06.02"]
[Round "3.6"]
[White "Sochacki, Christophe"]
[Black "Dourerassou, Jonathan"]
[Result "1/2-1/2"]
[WhiteTitle "IM"]
[BlackTitle "IM"]
[WhiteElo "2412"]
[BlackElo "2462"]
[WhiteTeam "EVRY Grand Roque"]
[BlackTeam "Echiquier Chalonnais"]
[WhiteFideId "662569"]
[BlackFideId "628050"]
[EventDate "2012.05.31"]

1. e4 c5 2. Nf3 Nc6 3. Bb5 d6 4. Bxc6+ bxc6 5. e5 d5 6. d3 Bg4 7. O-O e6 8. h3
Bh5 9. c4 Ne7 10. Nbd2 Bg6 11. Qb3 Rb8 12. Qc3 Nc8 13. Rd1 Nb6 14. b3 Be7 15.
Ba3 Nd7 16. Nf1 O-O 17. Rac1 Qb6 18. Rc2 Qa6 19. Bc1 Rfd8 20. Ng3 dxc4 21. bxc4
Rb1 22. Nd2 Rb4 23. Nge4 Nb6 24. a3 Na4 25. Qa1 Rb7 26. Re1 Rxd3 27. Nf3 h6 28.
Rd2 Rdb3 29. Nf6+ Kh8 30. Red1 Rb8 31. Nh4 Qxc4 32. Nxg6+ fxg6 33. Rd7 Nc3 34.
Rxe7 Rb1 35. Rxg7 Kxg7 36. Rd7+ Kf8 37. Nh7+ Ke8 38. Nf6+ 1/2-1/2

[Event "TCh-FRA Top 12 2012"]
[Site "Belfort FRA"]
[Date "2012.06.02"]
[Round "3.7"]
[White "Vernay, Clovis"]
[Black "Relange, Eloi"]
[Result "0-1"]
[WhiteTitle "IM"]
[BlackTitle "GM"]
[WhiteElo "2441"]
[BlackElo "2472"]
[WhiteTeam "Echiquier Chalonnais"]
[BlackTeam "EVRY Grand Roque"]
[WhiteFideId "633046"]
[BlackFideId "600822"]
[EventDate "2012.05.31"]

1. d4 Nf6 2. c4 g6 3. Nc3 Bg7 4. e4 d6 5. f3 O-O 6. Bg5 c5 7. d5 e6 8. Qd2 exd5
9. cxd5 h6 10. Be3 Re8 11. Nge2 Nbd7 12. Nd1 a6 13. Nf2 Ne5 14. Nc3 g5 15. h4
gxh4 16. Rxh4 Nxd5 17. Nxd5 Qxh4 18. Nc7 Be6 19. Be2 Rac8 20. Nxe8 Rxe8 21.
O-O-O Bxa2 22. Rh1 Qf6 23. Bxh6 c4 24. Rh3 Rc8 25. Kd1 Ng6 26. Bxg7 Qxg7 27. Ng4
c3 28. bxc3 Bb3+ 29. Ke1 Qxc3 30. g3 Be6 31. Nh6+ Kg7 32. Nf5+ Kf6 33. Rh5 Qxd2+
34. Kxd2 Rc5 35. g4 Bxf5 0-1